00000000nas##2200000za#4500
0019.500730
003CaOODSP
00520200331211159
007cr |||||||||||
008150406c2000||||xxc|| p o||||f|   |0fre|d
022 |a1493-6410
040 |aCaOODSP|bfre
041 |aeng
041 |afre
043 |an-cn---
0861 |aT48-21-PDF
1101 |aCanada.|bTransports Canada. |bCentre de development des transports.
24510|aCentre de développement des transports - publications |h[ressource électronique]
2461 |iTitre de renvoi : |aCDT publications
260 |aMontréal - Québec : |bTransports Canada.
310 |aAnnuel
3621 |a[2000]-
500 |aDescription d'après : 2000.
504 |aBibliographie.
546 |aBilingue
791 |tTransportation Development Centre - publications |eeng|w(CaOODSP)9.500729